000 01282nam0a22003491 4500
001 v19\rc\1794319
005 20260406121719.0
035 _a(NLR Aleph) 004885234
090 _a5212528
_c5212528
100 _a20061204d1905 |||y0rusy50 ca
101 0 _arus
102 _aRU
105 _ay z |||||
200 1 _aИван Александрович Гончаров
_eЕго жизнь и соч.
_eСб. ист.-лит. ст.
_fСост. В.[И.] Покровский
210 _aМосква
_cтип. Г. Лисснера и Д. Собко
_d1905
215 _a[4], 236 с.
_d22
700 1 _4220
_8rus
_7ca
_aПокровский
_bВ. И.
_f19 в.
_cисторик литературы
_gВасилий Иванович
_3RU\NLR\AUTH\7750855
_933789
702 1 _4570
_8rus
_7ca
_aГончаров
_bИ. А.
_f1812-1891
_gИван Александрович
_3RU\NLR\AUTH\77582
_9110628
801 0 _aRU
_bNLR
_gpsbo
801 0 _aRU
_bRuMoRGB
_2psbo
801 1 _aRU
_bProSoft-M
_2rusmarc
801 2 _aRU
_bNLR
_c20130306
_2rusmarc
852 _aNLR
_j38.5.7.30
852 _aNLR
_j133/5548
899 _aRuMoRGB
_jT 17/164
899 _aRuMoRGB
_jU 263/67
899 _aRuMoRGB
_jU 359/202
899 _aБАН
899 _aГПИБ
899 _aНБ МГУ
942 _cBOOK
980 _aNB